01140nam a2200289Ia 4500001000900000003000500009005001700014008004100031010001100072040000900083082001500092110007500107245016800182260006000350300001000410650003500420650004200455650005000497650003900547650003600586901001500622902000600637905006300643942001500706999001900721952011000740dia_1885CHAP20251023171011.0220117s1998 xx 000 0 und d a172422 cCHAP a630.83 M47 aMéxico. Secretaría de Agricultura, Ganadería y Desarrollo Rural. aAnuario Estadístico de la Producción Agricola de los Estados Unidos Mexicanos por Cultivo /c por Secretaría de Agricultura , Ganadería y Desarrllo Rural. aMéxico, D.F. Centro Estadístico Agropecuario.c1998 a753 p aAgricultura México.9151767 aAgriculturaxestadística. 9147080 aAgriculturaxestadisticaxMéxico. 9145595 aCultivosxestadística. 9151768 aCultivosxrendimiento. 930318 a630.83 M47 aM a0000001998 MEXX 0000000000ESP00 cLIBRO2ddc c172422d172422 00102ddc40708GRALaIA_bIA_c1d2022-01-18f1l0pdia_5078r2022-01-18 00:00:00t1w2022-01-18yLIBRO